000 01041nam a22003497a 4500
001 0009632
003 KOHA_MİRAKIL
005 20260207001715.0
007 ta
008 091022b1997 tu |||gr||||#||||0|tur |
020 _c0,01
040 _aTR-BiSEU
_btur
_cTR-BiSEU
_erda
041 0 _atur
044 _ctu
050 _aKB757
_b.U48 1997
100 1 _aUludağ, İlhan.
245 1 _aKonut üretiminde bölgesel koşullara uygun alternatif finansman sistemleri ve teknikleri/
_cİlhan Uludağ ; İlhan Uludağ.
264 1 _aİstanbul :
_bİstanbul Ticaret Odası
_c1997
300 _a V, 272, X, [7], XII sayfa: tablo
336 _ametin
_btxt
_2rdacontent
337 _aaracısız
_bn
_2rdamedia
338 _acilt
_bnc
_2rdacarrier
490 0 _aYayın no.
490 0 _a1997-48.
500 _aKaynakça var.
650 0 _aKonut--Finans.
_98127
650 0 _aİpotek--Türkiye.
_923827
650 0 _aKonut--Finans--Türkiye.
_923828
830 0 _aYayın no.
_91619
830 0 _a1997-48.
_923829
942 _2lcc
_cBK
999 _c9604
_d9604